Normal view
MARC view
Entry Personal Name
001 - CONTROL NUMBER
- control field: 28146
003 - CONTROL NUMBER IDENTIFIER
- control field: OSt
005 - DATE AND TIME OF LATEST TRANSACTION
- control field: 20230719090459.0
008 - FIXED-LENGTH DATA ELEMENTS
- fixed length control field: 230719|| aca||aabn | a|a d
040 ## - CATALOGING SOURCE
- Original cataloging agency: OSt
- Transcribing agency: OSt
100 ## - HEADING--PERSONAL NAME
- Personal name: ဝိၸိတ်တထမ်မ၊
- Titles and other words associated with a name: ပေႃႈမုၼ်ထီး။
670 ## - SOURCE DATA FOUND
- Source citation: Work cat.: (OSt): ဝိၸိတ်တထမ်မ၊ ပေႃႈမုၼ်ထီး။, ပေႃထိပၵ်ၶိယ 37 - ပိၵ်ႇထမ်းဢရိယႃႇၸဝ်ႈ မိၼ်ၶဝ်ႈၼိပ်ႉပၢၼ်ႇ /, 2007 ။